Dr. Bhim Rao Ambedkar: (Record no. 180678)

MARC details
000 -LEADER
fixed length control field 00634nam a22001937a 4500
005 - DATE AND TIME OF LATEST TRANSACTION
control field 20210813152218.0
010 ## - LCCN (DPL NO)
LC control number ENG-129855
020 ## - INTERNATIONAL STANDARD BOOK NUMBER
Terms of availability 1175.00
International Standard Book Number 978-93-84402-32-7
035 ## - SYSTEM CONTROL NUMBER
System control number EN-113387
037 ## - SOURCE OF ACQUISITION
Source of stock number/acquisition DBAD/PUB
082 ## - DEWEY DECIMAL CLASSIFICATION NUMBER
Classification number 954.035092
100 ## - MAIN ENTRY--PERSONAL NAME
Personal name Mishra,Saroj Kr
245 ## - TITLE STATEMENT
Title Dr. Bhim Rao Ambedkar:
Statement of responsibility, etc Saroj Kr.Mishra
Remainder of title man of milennium/
250 ## - EDITION STATEMENT
Edition statement 2018
260 ## - PUBLICATION, DISTRIBUTION, ETC. (IMPRINT)
Name of publisher, distributor, etc Gyan Geeta Prakashan
Date of publication, distribution, etc 2018
Place of publication, distribution, etc Delhi
270 ## - ADDRESS
Telephone number 09716234769
Electronic mail address gyangeetaprakashan@gmail.com
Address F-7,GALI NO-1,Panchsheel garden Ext.Naveen Shahdara
City Delhi
Postal code 110032
300 ## - PHYSICAL DESCRIPTION
Extent 288p.
Dimensions 24cm (pbk)
942 ## - ADDED ENTRY ELEMENTS (KOHA)
Source of classification or shelving scheme Dewey Decimal Classification
Item type English Books
Classification part 954.035092
Call number prefix SAR
Holdings
Withdrawn status Lost status Not for loan Collection code Home library Current library Date acquired Source of acquisition Cost, normal purchase price Full call number Barcode Koha item type
      Non-fiction Shahdara Branch Shahdara Branch 13/08/2021 DBAD/PUB 1175.00 954.035092 EN-113387 English Books

© Delhi Public Library
Hit Counter
free hit counter